El diablo de los números : (Registro nro. 61647)
[ vista simple ]
| 000 -LEADER | |
|---|---|
| fixed length control field | 00901nam a2200265 u 4500 |
| 001 - CONTROL NUMBER | |
| control field | 61647 |
| 005 - DATE AND TIME OF LATEST TRANSACTION | |
| control field | 20180714063350.0 |
| 008 - FIXED-LENGTH DATA ELEMENTS--GENERAL INFORMATION | |
| fixed length control field | 141106s2009 sp a r 000 0 spa d |
| 020 ## - INTERNATIONAL STANDARD BOOK NUMBER | |
| International Standard Book Number | 84-7844-433-5 |
| 082 0# - DEWEY DECIMAL CLASSIFICATION NUMBER | |
| Classification number | 833.9 |
| Item number | ENZ |
| 100 1# - MAIN ENTRY--PERSONAL NAME | |
| Personal name | Enzensberger, Hans Magnus |
| Relator term | autor |
| 245 13 - TITLE STATEMENT | |
| Title | El diablo de los números : |
| Remainder of title | un libro para todos aquellos que temen a las matemáticas / |
| Statement of responsibility, etc. | Hans Magnus Enzensberger. |
| 250 ## - EDITION STATEMENT | |
| Edition statement | 18 ª edición |
| 264 #1 - PRODUCTION, PUBLICATION, DISTRIBUTION, MANUFACTURE, AND COPYRIGHT NOTICE | |
| Place of production, publication, distribution, manufacture | España : |
| Name of producer, publisher, distributor, manufacturer | Siruela, |
| Date of production, publication, distribution, manufacture, or copyright notice | 2005 |
| 300 ## - PHYSICAL DESCRIPTION | |
| Extent | 255 páginas : |
| Other physical details | ilustraciones ; |
| Dimensions | 24 cm. |
| 336 ## - CONTENT TYPE | |
| Content type term | texto |
| Source | rdacontent |
| 337 ## - MEDIA TYPE | |
| Media type term | sin mediación |
| Source | rdamedia |
| 338 ## - CARRIER TYPE | |
| Carrier type term | volume |
| Source | rdacarrier |
| 650 #0 - SUBJECT ADDED ENTRY--TOPICAL TERM | |
| Topical term or geographic name entry element | Matemáticas en la literatura |
| 650 #0 - SUBJECT ADDED ENTRY--TOPICAL TERM | |
| Topical term or geographic name entry element | Números naturales |
| 650 #0 - SUBJECT ADDED ENTRY--TOPICAL TERM | |
| Topical term or geographic name entry element | Sueños |
| General subdivision | Novela |
| 650 #0 - SUBJECT ADDED ENTRY--TOPICAL TERM | |
| Topical term or geographic name entry element | Novela alemana |
| General subdivision | Siglo XX |
| 700 1# - ADDED ENTRY--PERSONAL NAME | |
| Personal name | Berner, Rotraut Susanne |
| Relator term | ilustrador |
| 700 1# - ADDED ENTRY--PERSONAL NAME | |
| Personal name | Fortea, Carlos |
| Relator term | traductor |
| Withdrawn status | Lost status | Source of classification or shelving scheme | Damaged status | Not for loan | Collection code | Home library | Current library | Shelving location | Date acquired | Source of acquisition | Inventory number | Total Checkouts | Full call number | Barcode | Date last seen | Price effective from | Koha item type |
|---|---|---|---|---|---|---|---|---|---|---|---|---|---|---|---|---|---|
| Dewey Decimal Classification | General | Centro de Estudios en Ciencia y Religión | Centro de Estudios en Ciencia y Religión | Sala general | 06/11/2014 | Compra | 151000000000000000077998 | 863 CHI 2003 | 93122 | 05/01/2026 | 20/11/2015 | Libro | |||||
| Dewey Decimal Classification | General | Centro de Estudios en Ciencia y Religión | Centro de Estudios en Ciencia y Religión | Sala general | 06/11/2014 | Compra | 151000000000000000078117 | 833.9 ENZ 2005 | 93121 | 05/01/2026 | 20/11/2015 | Libro |